000 00849nam a2200241 a 4500
001 000026110
005 20200930024317.0
008 110301s1971 ag r 001 0 spa d
040 _aDO-SdBNP
_bspa
_cBNPHU
041 1 7 _aspa
_hfre
_2Código de idiomas MARC
082 _ann*
_bnn*
100 1 _aHetman, François.
_953051
240 1 0 _aLes secrets des géants américains.
_lEspañol
245 1 4 _aLos secretos de los gigantes norteamericanos /
_cFrançois Hetman ; traducción de Susana Lugones.
260 _aBuenos Aires :
_bSudamericana,
_c1971.
300 _a226 p. ;
_c20 cm.
490 1 _aPerspectivas
534 _aTítulo del original en francés :
_tLes secrets des géants américains
500 _aIncluye índice de temas principales.
700 1 _aLugones, Susana,
_etr.
_953052
830 0 _aPerspectivas
_953053
049 _aBNGR
999 _c25602
_d25602